000 00500nam a2200181Ia 4500
001 17883
005 20260306171550.0
008 260306s9999||||xx |||||||||||||| ||und||
041 _aESP
082 _a658.3
_bCH548G
100 _aChiavenato, Idalberto
_eAUT
245 0 _aGestión del talento humano:
_bel nuevo papel de los recursos humanos en las organizaciones
260 _c2002
300 _axxviii, 475 páginas :
_c27 cm.
650 _aGEN
654 _aCAN
942 _cLIB
_dJUS
_fJUS
_2ddc
_n
999 _c17883
_d17883